2023-24 NFL Playoffs - Statistics

General Stats
  • This quiz has been taken 8,188 times
  • The average score is 12 of 14
Answers on the Map
Answers color-coded by a green-red scale on the quiz's map according to % correct below.
 
Answer Stats
Team % Correct
Kansas City Chiefs
99%
San Francisco 49ers
97%
Baltimore Ravens
94%
Buffalo Bills
92%
Philadelphia Eagles
92%
Detroit Lions
89%
Green Bay Packers
88%
Los Angeles Rams
86%
Tampa Bay Buccaneers
86%
Houston Texans
85%
Dallas Cowboys
84%
Pittsburgh Steelers
81%
Miami Dolphins
76%
Cleveland Browns
75%
No matching quizzes found
Score Distribution
Percent of People with Each Score
Percentile by Number Answered
Your Score History
You have not taken this quiz